Normal view
MARC view
- Ketchum, Donald J
Entry Personal Name
001 - CONTROL NUMBER
- control field: 101617
003 - CONTROL NUMBER IDENTIFIER
- control field: NUST
005 - DATE AND TIME OF LATEST TRANSACTION
- control field: 20221028122452.0
008 - FIXED-LENGTH DATA ELEMENTS
- fixed length control field: 221028|| aca||aabn | a|a d
040 ## - CATALOGING SOURCE
- Original cataloging agency: NUST
- Transcribing agency: NUST
100 ## - HEADING--PERSONAL NAME
- Personal name: Ketchum, Donald J
670 ## - SOURCE DATA FOUND
- Source citation: Work cat.: (NUST): Ketchum, Donald J., Pulse and seitching circuits /, 1965
